000 00488nam a2200169 i 4500
001 52959
003 ES-MaACL
005 20230906162657.0
007 t|
008 031001s1876 sp d ||||1|cspa d
100 1 _aDomingo Cortés, José.
_945132
245 1 0 _aDiccionario biográfico americano /
_cJosé Domingo Cortés.
260 _aParis :
_bLahure,
_c1876.
300 _a552 p. ;
_c26 cm.
650 4 _aAmericanos-
_xBiografías-
_vDiccionarios.
_9155136
852 _aES-MaACL
_jC-878
999 _c52959
_d52959